Statistics for The Guardian's Top 100 Footballers of 2020

Click here to take the quiz!

General Stats

  • This quiz has been taken 149 times
  • The average score is 78 of 100

Answer Stats

RankTeamNationPlayer% Correct
#3JuventusPortugalCristiano Ronaldo
99%
#80EvertonEnglandDominic Calvert-Lewin
99%
#2FC BarcelonaArgentinaLionel Messi
99%
#20Tottenham HotspurEnglandHarry Kane
98%
#4Manchester CityBelgiumKevin De Bruyne
98%
#8LiverpoolEgyptMohamed Salah
98%
#9PSGBrazilNeymar
98%
#1Bayern MunichPolandRobert Lewandowski
98%
#5LiverpoolSenegalSadio Mane
98%
#6Borussia DortmundNorwayErling Haland
97%
#7PSGFranceKylian Mbappe
97%
#15Bayern MunichGermanyManuel Neuer
97%
#19Inter MilanBelgiumRomelu Lukaku
97%
#22Tottenham HotspurSouth KoreaHeung-Min Son
96%
#12Real MadridFranceKarim Benzema
96%
#14Bayern MunichGermanyThomas Muller
96%
#10LiverpoolNetherlandsVirgil Van Dijk
96%
#26LiverpoolBrazilAlisson
95%
#25AC MilanSwedenZlatan Ibrahimovic
95%
#21Sporting CP/Manchester UnitedPortugalBruno Fernandes
94%
#23Bayern MunichCanadaAlphonso Davies
93%
#34LiverpoolScotlandAndrew Robertson
93%
#28Atletico MadridSloveniaJan Oblak
93%
#33LiverpoolEnglandJordan Henderson
93%
#11Bayern MunichGermanyJoshua Kimmich
93%
#36ArsenalGabonPierre-Emerick Aubameyang
93%
#30RB Leipzig/ChelseaGermanyTimo Werner
93%
#24LazioItalyCiro Immobile
92%
#35Leicester CityEnglandJamie Vardy
92%
#17Bayern Munich/LiverpoolSpainThiago Alcantara
92%
#54PSG/ChelseaBrazilThiago Silva
92%
#18LiverpoolEnglandTrent Alexander-Arnold
92%
#31Bayern MunichAustriaDavid Alaba
91%
#58FC Barcelona/Atletico MadridUruguayLuis Suarez
91%
#43LiverpoolBrazilRoberto Firmino
91%
#13Real MadridSpainSergio Ramos
91%
#42Real MadridGermanyToni Kroos
90%
#29Borussia DortmundEnglandJadon Sancho
89%
#37Atletico MadridPortugalJoao Felix
89%
#75Manchester City/Bayern MunichGermanyLeroy Sane
89%
#41Manchester UnitedEnglandMarcus Rashford
89%
#27Manchester CityEnglandRaheem Sterling
89%
#70Manchester CityPortugalBernardo Silva
88%
#46Real MadridBelgiumThibaut Courtois
87%
#60Ajax/ChelseaMoroccoHakim Ziyech
86%
#71Real MadridCroatiaLuka Modric
86%
#77Manchester CityAlgeriaRiyad Mahrez
86%
#83Real MadridBelgiumEden Hazard
85%
#50Bayer Leverkusen/ChelseaGermanyKai Havertz
85%
#48FC BarcelonaGermanyMarc-Andre Ter Stegen
85%
#39JuventusArgentinaPaulo Dybala
85%
#38PSGArgentinaAngel Di Maria
84%
#16Bayern MunichGermanySerge Gnabry
84%
#51LiverpoolBrazilFabinho
82%
#86Sevilla FCSpainJesus Navas
82%
#67PSGCosta RicaKeylor Navas
82%
#55ChelseaFranceN'Golo Kante
82%
#44Inter MilanArgentinaLautaro Martinez
81%
#64Olympique LyonNetherlandsMemphis Depay
79%
#79FC BarcelonaNetherlandsFrenkie De Jong
78%
#59Aston VillaEnglandJack Grealish
78%
#62NapoliSenegalKalidou Koulibaly
78%
#40Bayern MunichGermanyLeon Goretzka
78%
#49PSGBrazilMarquinhos
78%
#63Wolves/LiverpoolPortugalDiogo Jota
77%
#69JuventusNetherlandsMatthijs De Ligt
76%
#78WolvesMexicoRaul Jimenez
74%
#65Manchester CityArgentinaSergio Aguero
73%
#76Borussia Dortmund/Inter MilanMoroccoAchraf Hakimi
72%
#74Real Sociedad/Real MadridNorwayMartin Odegaard
72%
#66Real MadridUruguayFederico Valverde
71%
#56Real MadridBrazilCasemiro
70%
#47Bayern MunichFranceKingsley Coman
70%
#32AtalantaArgentinaAlejandro Gomez
69%
#89Manchester CityBrazilEderson
69%
#82EvertonBrazilRicharlison
69%
#52RB LeipzigFranceDayot Upamecano
66%
#57AtalantaColombiaDuvan Zapata
65%
#73LiverpoolNetherlandsGeorginio Wijnaldum
65%
#85Atletico Madrid/ArsenalGhanaThomas Partey
65%
#84NapoliBelgiumDries Mertens
64%
#81Bayern Munich/FC BarcelonaBrazilPhilippe Coutinho
61%
#90FC BarcelonaFranceAntoine Griezmann
55%
#94Valencia CF/Manchester CitySpainFerran Torres
55%
#97Bayern MunichGermanyJerome Boateng
55%
#45FC BarcelonaSpainAnsu Fati
53%
#68RB LeipzigAustriaMarcel Sabitzer
53%
#61AtalantaSloveniaJosip Ilicic
51%
#95Atletico Madrid/JuventusSpainAlvaro Morata
46%
#87Stade RennesFranceEduardo Camavinga
46%
#72Olympique LyonFranceHoussem Aouar
46%
#92Inter MilanItalyNicolo Barella
45%
#53Sevilla FCArgentinaLucas Ocampos
43%
#98LazioSpainLuis Alberto
42%
#91AtalantaGermanyRobin Gosens
42%
#99PSGFrancePresnel Kimpembe
41%
#100AS MonacoFranceWissam Ben Yedder
40%
#88Atletico MadridSpainMarcos Llorente
34%
#93Sevilla FC/Al-ShababArgentinaEver Banega
33%
#96RB SalzburgHungaryDominik Szoboszlai
32%

Score Distribution

Percentile by Number Answered

Percent of People with Each Score

Your Score History

You have not taken this quiz